Obchodné vzťahy Kórejskej republiky s Európskou úniou

Gespeichert in:
Bibliographische Detailangaben
1. Verfasser: Grešš, Martin, 1978-
Körperschaft: Ekonomická univerzita v Bratislave. Fakulta medzinárodných vzťahov
Weitere Verfasser: Karpenko, Lidiia, Lipková, Ľudmila, Pawera, René
Format: Buch
Sprache:Slowakisch
Veröffentlicht: Bratislava Vydavateľstvo EKONÓM 2021
Ausgabe:1. vydanie
Schlagworte:
Tags: Tag hinzufügen
Keine Tags, Fügen Sie das erste Tag hinzu!

MARC

LEADER 00000nam a2200000 4500
001 0278072
005 20240502074326.8
020 |a 978-80-225-4826-7 
041 0 |a slo 
044 |a SK 
245 1 0 |a Obchodné vzťahy Kórejskej republiky s Európskou úniou  |c Martin Grešš ; recenzenti: Lidiia Karpenko, Ľudmila Lipková, René Pawera 
250 |a 1. vydanie 
264 1 |a Bratislava  |b Vydavateľstvo EKONÓM  |c 2021 
300 |a 102 s. [8 AH] 
610 2 0 |a vzťahy obchodné 
610 2 0 |a vzťahy medzinárodné 
610 2 0 |a vývoj hospodársky 
610 2 0 |a spolupráca medzinárodná 
610 2 0 |a zmeny štruktúrne 
610 2 0 |a vývoz 
610 2 0 |a dovoz 
610 2 0 |a Kórea 
610 2 0 |a Európska únia 
100 1 |a Grešš, Martin, 1978- 
700 1 |a Karpenko, Lidiia 
700 1 |a Lipková, Ľudmila 
700 1 |a Pawera, René 
710 2 |a Ekonomická univerzita v Bratislave. Fakulta medzinárodných vzťahov